[Event "Riazan Region-ch FL"]
[Site "Riazan"]
[Date "2011.01.02"]
[Round "?"]
[White "Omelchenko, Alexey"]
[Black "Juzbashev, Vladimir"]
[Result "1/2-1/2"]
[WhiteElo "1876"]
[BlackElo "2076"]
[PlyCount "24"]
[EventDate "2011.01.02"]
[EventType "swiss"]
[EventRounds "9"]
[EventCountry "RUS"]
[SourceTitle "EXT 2022"]
[Source "ChessBase"]
[SourceDate "2021.10.06"]
[SourceVersion "1"]
[SourceVersionDate "2021.10.06"]
[SourceQuality "1"]

1. Nf3 Nf6 2. d4 d5 3. c4 e6 4. Bg5 Be7 5. Nc3 c6 6. e3 Nbd7 7. Bd3 dxc4 8. Bxc4 Nd5 9. Bxe7 Qxe7 10. 0-0 0-0 11. Rc1 Nxc3 12. Rxc3 e5 1/2-1/2

[Event "Riazan Region-ch FL"]
[Site "Riazan"]
[Date "2011.01.02"]
[Round "?"]
[White "Omelchenko, Alexey"]
[Black "Vazersky, Konstantin Alekseev"]
[Result "1-0"]
[WhiteElo "1876"]
[BlackElo "2060"]
[PlyCount "63"]
[EventDate "2011.01.02"]
[EventType "swiss"]
[EventRounds "9"]
[EventCountry "RUS"]
[SourceTitle "EXT 2022"]
[Source "ChessBase"]
[SourceDate "2021.10.06"]
[SourceVersion "1"]
[SourceVersionDate "2021.10.06"]
[SourceQuality "1"]

1. Nf3 Nf6 2. g3 d5 3. Bg2 c5 4. 0-0 Nc6 5. d4 e6 6. c4 dxc4 7. dxc5 Qxd1 8. Rxd1 Bxc5 9. Nfd2 Nd4 10. Nc3 Bb4 11. Kf1 Nc2 12. Rb1 Nd5 13. Bxd5 exd5 14. Nxd5 Bh3+ 15. Kg1 0-0 16. Nxb4 Nxb4 17. a3 Na2 18. Nxc4 Rac8 19. Nd6 Rcd8 20. Bf4 Be6 21. Nxb7 Rxd1+ 22. Rxd1 Bb3 23. Rd8 Rxd8 24. Nxd8 Bd5 25. Bd6 Nc1 26. Kf1 Nb3 27. Ke1 g5 28. Kd1 h5 29. Kc2 Nd4+ 30. Kd3 Nf5 31. Bc5 a6 32. e4 1-0